Welcome to WEB OPAC of MRSPTU Central Library

Computational fluid flow and heat transfer (Record no. 5905)

MARC details
000 -LEADER
fixed length control field 00470nam a2200181Ia 4500
008 - FIXED-LENGTH DATA ELEMENTS--GENERAL INFORMATION
fixed length control field 230711s9999||||xx |||||||||||||| ||und||
020 ## - INTERNATIONAL STANDARD BOOK NUMBER
International Standard Book Number 978-81-7319-822-8
041 ## - LANGUAGE CODE
Language code of text/sound track or separate title ENG
082 ## - DEWEY DECIMAL CLASSIFICATION NUMBER
Classification number 620.106
Item number MU-C
100 ## - MAIN ENTRY--PERSONAL NAME
Personal name Muralidhar,K
245 #0 - TITLE STATEMENT
Title Computational fluid flow and heat transfer
250 ## - EDITION STATEMENT
Edition statement 2nd Ed.
260 ## - PUBLICATION, DISTRIBUTION, ETC.
Date of publication, distribution, etc. 2003
Place of publication, distribution, etc. New Delhi
Name of publisher, distributor, etc. Narosa Publishing House
300 ## - PHYSICAL DESCRIPTION
Extent 592p.
650 ## - SUBJECT ADDED ENTRY--TOPICAL TERM
Topical term or geographic name entry element Mechanical Engineering
700 ## - ADDED ENTRY--PERSONAL NAME
Personal name Sundararajan,T
942 ## - ADDED ENTRY ELEMENTS (KOHA)
Koha item type Book
Holdings
Withdrawn status Lost status Damaged status Not for loan Collection Home library Current library Date acquired Cost, normal purchase price Inventory number Total checkouts Full call number Barcode Date last seen Price effective from Koha item type
          MRSPTU Central Library MRSPTU Central Library   525.00 2142502   620.106 MU-C 31863 08/17/2023 08/17/2023 Book
          MRSPTU Central Library MRSPTU Central Library   525.00 2142502   620.106 MU-C 31864 08/17/2023 08/17/2023 Book
          MRSPTU Central Library MRSPTU Central Library   525.00 2142502   620.106 MU-C 31865 08/17/2023 08/17/2023 Book
          MRSPTU Central Library MRSPTU Central Library   525.00 2142502   620.106 MU-C 31866 08/17/2023 08/17/2023 Book
          MRSPTU Central Library MRSPTU Central Library   525.00 2142502   620.106 MU-C 31867 08/17/2023 08/17/2023 Book

Website Designed and Developed by MRSPTU Central Library Team

E-mail Id: librarian@mrsptu.ac.in